2023年の乗降人員が5万人以上の駅サドンデス - Statistics

General Stats
  • This quiz has been taken 527 times
  • The average score is 3 of 16
Answers on the Grid
Answers color-coded by a green-red scale on the quiz's grid according to % correct below.
鶴ヶ峰(相鉄本線)
小手指(西武池袋線)
八千代台(京成本線)
盛岡(全線累計)
金沢(全線累計)
竹ノ塚(東武伊勢崎線)
小田原(東海道本線)
平井(総武本線)
戸田公園(埼京線)
小平(西武新宿線)
高幡不動(京王線)
紙屋町(東西累計・広電本線)
西鉄久留米(西鉄天神大牟田線)
新安城(名鉄名古屋本線・西尾線)
尼崎(阪神本線・なんば線)
川西池田(福知山線)
草津(東海道本線・草津線)
三国ヶ丘(南海高野線)
淡路(阪急京都線・千里線)
樟葉(京阪本線)
四条畷(片町線)
久宝寺(大和路線)
加古川(山陽本線)
中洲川端(福岡市営地下鉄箱崎線・空港線)
瓦町(琴電全線)
早稲田(東京メトロ東西線)
広尾(東京メトロ日比谷線)
西中島南方(大阪メトロ御堂筋線)
阿波座(大阪メトロ千日前線・中央線)
新さっぽろ(札幌市営地下鉄東西線)
泉中央(仙台市営地下鉄南北線)
南流山(つくばエクスプレス)
名鉄一宮(名鉄名古屋本線・尾西線)
浜松(東海道新幹線・東海道本線)
 
Answer Stats
Answer % Correct
浜松(東海道新幹線・東海道本線)
42%
尼崎(阪神本線・なんば線)
35%
金沢(全線累計)
32%
小田原(東海道本線)
28%
南流山(つくばエクスプレス)
28%
草津(東海道本線・草津線)
26%
竹ノ塚(東武伊勢崎線)
23%
早稲田(東京メトロ東西線)
20%
盛岡(全線累計)
19%
広尾(東京メトロ日比谷線)
17%
戸田公園(埼京線)
14%
平井(総武本線)
12%
鶴ヶ峰(相鉄本線)
10%
樟葉(京阪本線)
10%
阿波座(大阪メトロ千日前線・中央線)
7%
西中島南方(大阪メトロ御堂筋線)
4%
No matching quizzes found
Score Distribution
Percent of People with Each Score
Percentile by Number Answered
Your Score History
You have not taken this quiz